Гуманитарная география (Запись № 1093268)

Подробности
000 -МАРКЕР
контрольное поле 02443nam1a2200457 i 4500
001 - ИДЕНТИФИКАТОР ЗАПИСИ
контрольное поле RU\NLR\bibl\797032
005 - ИДЕНТИФИКАТОР ВЕРСИИ
контрольное поле 20260407081009.0
035 ## - ДРУГИЕ СИСТЕМНЫЕ НОМЕРА
Идентификатор записи (NLR Aleph) 000786231
100 ## - ДАННЫЕ ОБЩЕЙ ОБРАБОТКИ
Данные общей обработки 20050511g20049999u y0rusy50 ca
101 0# - ЯЗЫК РЕСУРСА
Язык текста, звукозаписи и т.д. русский
Язык резюме английский
Язык оглавления русский
-- английский
102 ## - СТРАНА ПУБЛИКАЦИИ ИЛИ ПРОИЗВОДСТВА
Страна публикации Российская Федерация
105 ## - ПОЛЕ КОДИРОВАННЫХ ДАННЫХ: ТЕКСТОВЫЕ МАТЕРИАЛЫ, МОНОГРАФИЧЕСКИЕ
Кодированные данные о монографическом текстовом документе ||||z |||||
200 1# - ЗАГЛАВИЕ И СВЕДЕНИЯ ОБ ОТВЕТСТВЕННОСТИ
Основное заглавие Гуманитарная география
Параллельное заглавие Humanitarian geography
Сведения, относящиеся к заглавию научный и культурно-просветительский альманах
Первые сведения об ответственности [А.Н. Балдин, Т.А. Галкина, Д.Н. Замятин [и др.]
Последующие сведения об ответственности ред. кол.: гл. ред. Д.Н. Замятин [и др.]
-- М-во культуры и массовых коммуникаций Рос. Федерации, Рос. акад. наук, Рос. НИИ культур. и природ. наследия им. Д.С. Лихачева
Язык параллельного заглавия английский
210 ## - ПУБЛИКАЦИЯ, РАСПРОСТРАНЕНИЕ И ДР.
Место издания, распространения и т.д. Москва
Имя издателя, распространителя и т. д. Российский научно-исследовательский институт культурного и природного наследия
Дата издания, распространения и т.д. 2004
215 ## - ФИЗИЧЕСКАЯ ХАРАКТЕРИСТИКА
Размеры 20
300 ## - ОБЩИЕ ПРИМЕЧАНИЯ
Текст примечания Рез. на англ. яз.
463 #0 - УРОВЕНЬ ФИЗИЧЕСКОЙ ЕДИНИЦЫ
Встроенное поле 001789857
463 #0 - УРОВЕНЬ ФИЗИЧЕСКОЙ ЕДИНИЦЫ
Встроенное поле 001954570
463 #0 - УРОВЕНЬ ФИЗИЧЕСКОЙ ЕДИНИЦЫ
Встроенное поле 0011111848
463 #0 - УРОВЕНЬ ФИЗИЧЕСКОЙ ЕДИНИЦЫ
Встроенное поле 0011297259
463 #0 - УРОВЕНЬ ФИЗИЧЕСКОЙ ЕДИНИЦЫ
Встроенное поле 0011499787
463 #0 - УРОВЕНЬ ФИЗИЧЕСКОЙ ЕДИНИЦЫ
Встроенное поле 0011729214
510 0# - ПАРАЛЛЕЛЬНОЕ ЗАГЛАВИЕ
Параллельное заглавие Humanitarian geography
Язык заглавия английский
606 1# - НАИМЕНОВАНИЕ ТЕМЫ КАК ПРЕДМЕТ
Наименование темы География и литература
Формальный подзаголовок Сборники
Системный номер авторитетной/нормативной записи 1686818
Идентификатор авторитетной/нормативной записи RU\NLR\auth\66749477
606 1# - НАИМЕНОВАНИЕ ТЕМЫ КАК ПРЕДМЕТ
Наименование темы Культура
Формальный подзаголовок Сборники
Тематический подзаголовок Теория
Системный номер авторитетной/нормативной записи 1493017
Идентификатор авторитетной/нормативной записи RU\NLR\auth\66643358
606 ## - НАИМЕНОВАНИЕ ТЕМЫ КАК ПРЕДМЕТ
Наименование темы Культурные ландшафты
Формальный подзаголовок Сборники
Системный номер авторитетной/нормативной записи 990866
Идентификатор авторитетной/нормативной записи RU\NLR\auth\6656331
606 ## - НАИМЕНОВАНИЕ ТЕМЫ КАК ПРЕДМЕТ
Наименование темы Гуманитарная география
Формальный подзаголовок Сборники
Системный номер авторитетной/нормативной записи 2300400
Идентификатор авторитетной/нормативной записи RU\NLR\auth\661377284
686 ## - ИНДЕКСЫ ДРУГИХ КЛАССИФИКАЦИЙ
Индекс Ш5(0)-304я431
686 ## - ИНДЕКСЫ ДРУГИХ КЛАССИФИКАЦИЙ
Индекс Ч111
686 ## - ИНДЕКСЫ ДРУГИХ КЛАССИФИКАЦИЙ
Индекс Т3(0)0-7я43
701 #1 - ИМЯ ЛИЦА - АЛЬТЕРНАТИВНАЯ ОТВЕТСТВЕННОСТЬ
Начальный элемент ввода Балдин
Часть имени, кроме начального элемента ввода А. Н.
Расширение инициалов личного имени Андрей Николаевич
Код отношения Автор
701 #1 - ИМЯ ЛИЦА - АЛЬТЕРНАТИВНАЯ ОТВЕТСТВЕННОСТЬ
Начальный элемент ввода Галкина
Часть имени, кроме начального элемента ввода Т. А.
Расширение инициалов личного имени Тамара Артаковна
Код отношения Автор
701 #1 - ИМЯ ЛИЦА - АЛЬТЕРНАТИВНАЯ ОТВЕТСТВЕННОСТЬ
Начальный элемент ввода Замятин
Часть имени, кроме начального элемента ввода Д. Н.
Расширение инициалов личного имени Дмитрий Николаевич
Код отношения Автор
702 #1 - ИМЯ ЛИЦА - ВТОРИЧНАЯ ОТВЕТСТВЕННОСТЬ
Начальный элемент ввода Замятин
Часть имени, кроме начального элемента ввода Д. Н.
Расширение инициалов личного имени Дмитрий Николаевич
Код отношения Редактор
712 02 - НАИМЕНОВАНИЕ ОРГАНИЗАЦИИ - ВТОРИЧНАЯ ОТВЕТСТВЕННОСТЬ
Код отношения Прочие
Начальный элемент ввода Российский НИИ культурного и природного наследия им. Д. С. Лихачева
Идентификатор авторитетной/нормативной записи RU\NLR\AUTH\886634
Системный номер авторитетной/нормативной записи 285147
801 #0 - ИСТОЧНИК ЗАПИСИ
Страна Российская Федерация
Организация NLR
Дата составления 20050511
Правила каталогизации rcr
801 #1 - ИСТОЧНИК ЗАПИСИ
Страна Российская Федерация
Организация NLR
Дата составления 20050511
852 ## - МЕСТОНАХОЖДЕНИЕ И ШИФР ХРАНЕНИЯ
Идентификатор организации NLR
Шифр хранения (Call Number) 2005-3/11083
942 ## - ДОПОЛНИТЕЛЬНЫЕ ЭЛЕМЕНТЫ ЗАПИСИ (АБИС)
Тип экземпляра АБИС Книга

Нет доступных экземпляров.